[Event "TH-S-1330"]
[Site "IECC email"]
[Date "2021.04.15"]
[Round "?"]
[White "Gaurav, Abhinav"]
[Black "Martin, Martin"]
[Result "1-0"]
[WhiteElo "1165"]
[BlackElo "1109"]
[PlyCount "39"]
[EventDate "2021.??.??"]
[EventType "tourn (corr)"]
[SourceTitle "Corr 2024"]
[Source "ChessBase"]
[SourceDate "2023.10.19"]
[SourceVersion "1"]
[SourceVersionDate "2023.10.19"]
[SourceQuality "1"]
[WhiteTeam "Schweden"]
[BlackTeam "Vereinigte Staaten"]
[WhiteTeamCountry "SWE"]
[BlackTeamCountry "USA"]

1. e4 e5 2. Nf3 Nc6 3. Bb5 a6 4. Ba4 Nf6 5. 0-0 Be7 6. Re1 b5 7. Bb3 0-0 8. d3 d6 9. a4 Bb7 10. Nbd2 Na5 11. Ba2 c5 12. Nf1 b4 13. Ne3 Bc8 14. h3 Rb8 15. Nc4 Nc6 16. c3 h6 17. d4 cxd4 18. cxd4 Qc7 19. d5 Na5 20. Qe2 1-0